Responsabilidad del estado por falta de servicio
-д хадгалсан:
| Үндсэн зохиолч: | |
|---|---|
| Формат: | Ном |
| Хэл сонгох: | испани |
| Хэвлэсэн: |
Valparaíso
Libromar
2001
|
| Нөхцлүүд: | |
| Шошгууд: |
Шошго нэмэх
Шошго байхгүй, Энэхүү баримтыг шошголох эхний хүн болох!
|
MARC
| LEADER | 00000nam a2200000 a 4500 | ||
|---|---|---|---|
| 001 | UCM0570 | ||
| 003 | CL-VaPUC | ||
| 008 | 020301e20010000CL |||||||||||||||||spa|d | ||
| 082 | 0 | 4 | |a 342.83088 |b MUN |2 21 |
| 100 | |a Mundaca Assmussen, Hans |e autor |9 467450 | ||
| 245 | 1 | 0 | |a Responsabilidad del estado por falta de servicio |
| 300 | |a 91 p | ||
| 942 | |c BK | ||
| 945 | |d 20020301 00:00:00 |a cmena | ||
| 260 | |a Valparaíso |b Libromar |c 2001 | ||
| 650 | 0 | |a Responsabilidad del estado |9 258115 | |
| 650 | 0 | |a Derecho civil |9 255013 | |
| 650 | 0 | |a Derechos fundamentales |9 254841 | |
| 650 | 7 | |a GARANTIAS CONSTITUCIONALES |2 CL-VaPUC |9 467451 | |
| 650 | 0 | |a Derecho internacional |9 255637 | |
| 650 | 7 | |a TRATADOS INTERNACIONALES - DERECHOS HUMANOS |2 CL-VaPUC |9 467452 | |
| 583 | |a last modification |c 20020301 00:00:00 |k Rodrigo Vera | ||
| 999 | |c 299459 |d 299457 | ||
| 952 | |0 0 |1 0 |2 ddc |4 0 |6 342_830880000000000_MUN_2001 |7 0 |8 A |9 356012 |a BIBDER |b BIBDER |d 2019-11-21 |i 3791602 |o 342.83088 MUN 2001 |p 3791602 |r 2023-01-25 |w 2019-11-21 |y MX |k DER | ||